LEADER 03291nam 22006013u 450 001 9910144666203321 005 20210114052246.0 010 $a0-470-71514-6 010 $a0-470-71483-2 035 $a(CKB)1000000000688035 035 $a(EBL)739052 035 $a(OCoLC)775868608 035 $a(SSID)ssj0000354001 035 $a(PQKBManifestationID)11260873 035 $a(PQKBTitleCode)TC0000354001 035 $a(PQKBWorkID)10302287 035 $a(PQKB)10642629 035 $a(MiAaPQ)EBC739052 035 $a(EXLCZ)991000000000688035 100 $a20130624d2009|||| u|| | 101 0 $aeng 135 $aur|n|---||||| 181 $ctxt 182 $cc 183 $acr 200 10$aToxaemias of Pregnancy$b[electronic resource] $eHuman and Veterinary 210 $aHoboken $cWiley$d2009 215 $a1 online resource (310 p.) 225 1 $aNovartis Foundation Symposia ;$vv.814 300 $aDescription based upon print version of record. 311 $a0-470-71466-2 327 $aTOXÆMIAS OF PREGNANCY HUMAN AND VETERINARY; Foreword; CONTRIBUTORS AND CONTENTS; Opening Address; Physiology of pregnancy; Pathological lesions in the hypertensive toxæmias of pregnancy; The toxæmias of pregnancy in women; Ætiology of preeclampsia-eclampsia.; The effect of intravenous injections of sodium chloride and lactate in pre-eclamptic patients; Toxæmias of pregnancy in the domestic animals, with particular reference to the sheep; Experimental ketosis in pregnant ewes; The infiuence of the level of calcium in the diet of the rat during pregnancy and lactation; Neonatal ataxia of lambs 327 $aObservations on and treatment of clinical aceto- næmia in cattleBiochemical aspects of bovine parturient hypo- calcemia; The human placenta in toxæmia of pregnancy; Studies in the circulation of normal and abnormal pregnancy; Oxygen arterio-venous difference and right auricular pressure during labour; Forearm and hand blood flow in pregnancy; Studies in the problems of circulation in pregnancy; Circulation in pregnancy; Thromboplastin complications of late pregnancy; Ischæmia of the gravid uterus as a probable factor in the causation of toxæmia; Foetal malformations and toxæmia 327 $aRelation of nutrition to hepatic disease and toxæmias of pregnancyObservations on the placental sex hormones in the toxæmias of pregnancy; Endocrines and toxæmias; Chorionic gonadotrophin in pre-eclampsia; The mono-amine oxidase activity of placenta; Histaminase in normal and pathological pregnancy; Histaminase in normal and pathological pregnancy; Summary from the veterinary standpoint; Summary from the medical standpoint; Summary from the obstetrical standpoint; Index 410 0$aNovartis Foundation Symposia 606 $aChildbirth 606 $aFetus -- Growth 606 $aPre-Eclampsia 606 $aPregnancy 608 $aElectronic books. 615 4$aChildbirth. 615 4$aFetus -- Growth. 615 4$aPre-Eclampsia. 615 4$aPregnancy. 676 $a612.63 700 $aSymposium$b CIBA Foundation$0856099 801 0$bAU-PeEL 801 1$bAU-PeEL 801 2$bAU-PeEL 906 $aBOOK 912 $a9910144666203321 996 $aToxaemias of Pregnancy$92134495 997 $aUNINA LEADER 01264nam a2200277 i 4500 001 991002130689707536 005 20020503161423.0 008 010315s1892 it ||| | lat 035 $ab10320738-39ule_inst 035 $aEXGIL97963$9ExL 040 $aBiblioteca Interfacoltà$bita 082 0 $a271 110 2 $aMonastero di San Benedetto, Conversano$0466689 245 13$aIl Chartularium del Monastero di S. Benedetto di Conversano /$cla prima volta pubblicato, illustrato ed annotato dal sac. Domenico Morea. Volume primo, Byzantina, Normanna, Sueva ; con dieci tavole in fototipia 260 $aMontecassino :$b[s.n.],$c1892 300 $aLXXVIII, 429 p. :$btav. 10 ;$c31 cm. 650 4$aMonachesimo 650 4$aOrdini religiosi$xStoria 700 1 $aMorea, Domenico 907 $a.b10320738$b02-04-14$c27-06-02 912 $a991002130689707536 945 $aLE008 FL.M. (f.r.) VIII B 47$g1$i2008000412586$lle008$o-$pE0.00$q-$rn$so $t0$u0$v0$w0$x0$y.i15023370$z05-11-09 945 $aLE002 Sal. I A 9$g1$i2002000723048$lle002$o-$pE0.00$q-$rn$so $t0$u0$v0$w0$x0$y.i10377943$z27-06-02 996 $aChartularium del Monastero di S. Benedetto di Conversano$9200639 997 $aUNISALENTO 998 $ale008$ale002$b01-01-01$cm$da $e-$flat$git $h3$i2